Statistics for John Cassavetes Filmography

Click here to take the quiz!

General Stats

  • This quiz has been taken 5 times
  • The average score is 20 of 104

Answer Stats

Type Year Name % Correct
Film Director1974A Woman Under the Influence
80%
Film Director1959Shadows
80%
Film Director1976The Killing of a Chinese Bookie
80%
Film Director1970Husbands
60%
Film Director1984Love Streams
60%
Film Director1968Faces
60%
Film Director1980Gloria
60%
Film Starring Role1968Rosemary's Baby
40%
Film Director1977Opening Night
40%
Film Director1963A Child Is Waiting
40%
Film Starring Role1967The Dirty Dozen
40%
Film Director1971Minnie and Moskowitz
40%
TV Film Starring Role1973Nightside
20%
TV Show Acting Role1972Columbo
20%
Film Director1961Too Late Blues
20%
TV Show Acting Role1964The Alfred Hitchcock Hour
20%
Film Starring Role1968Rome like Chicago
0%
Film Starring Role1967Devil's Angels
0%
Film Starring Role1969Machine Gun McCain
0%
Film Cameo1969If It's Tuesday, This Must Be Belgium
0%
TV Show Acting Role1966The Long, Hot Summer
0%
TV Show Acting Role1966The Virginian
0%
TV Show Acting Role1965-1967Bob Hope Presents the Chrysler Theatre
0%
TV Show Acting Role1968Off to See the Wizard
0%
Film Cameo1951Fourteen Hours
0%
TV Show Acting Role1965The Legend of Jesse James
0%
Film Starring Role1982The Incubus
0%
Film Director1986Big Trouble
0%
Film Cameo1985King Kongs Faust
0%
Film Cameo1984Fräulein Berlin
0%
Film Starring Role1983Marvin & Tige
0%
Short Film Acting Role1982The Haircut
0%
Film Starring Role1982Tempest
0%
Film Starring Role1981Whose Life Is It Anyway?
0%
Film Starring Role1975Capone
0%
TV Film Cameo1979Flesh & Blood
0%
Film Starring Role1978Brass Target
0%
Film Starring Role1978The Fury
0%
Film Cameo1977Heroes
0%
Film Starring Role1976Mikey and Nicky
0%
Film Starring Role1976Two-Minute Warning
0%
TV Show Acting Role1965Voyage to the Bottom of the Sea
0%
TV Show Acting Role1964-1965Burke's Law
0%
TV Show Acting Role1965Combat!
0%
TV Show Acting Role1956The United States Steel Hour
0%
Film Starring Role1957Edge of the City
0%
TV Show Acting Role1956Climax!
0%
TV Show Acting Role1956The 20th Century Fox Hour
0%
Film Starring Role1956Crime in the Streets
0%
TV Show Acting Role1956Appointment with Adventure
0%
TV Show Acting Role1956Alfred Hitchcock Presents
0%
TV Show Acting Role1955Goodyear Television Playhouse
0%
TV Show Acting Role1957Playhouse 90
0%
TV Film Starring Role1955The Night Holds Terror
0%
TV Show Acting Role1955Pond's Theater
0%
TV Show Acting Role1955Armstrong Circle Theatre
0%
TV Show Acting Role1955The Elgin Hour
0%
TV Show Acting Role1955Kraft Television Theatre
0%
TV Show Acting Role1954Robert Montgomery Presents
0%
TV Show Acting Role1953You Are There
0%
TV Show Acting Role1957The O. Henry Playhouse
0%
Film Starring Role1957Affair in Havana
0%
TV Show Acting Role1965Profiles in Courage
0%
TV Show Acting Role1961Rawhide
0%
Film Cameo1953Taxi
0%
Film Starring Role1964The Killers
0%
TV Show Acting Role1963Breaking Point
0%
TV Show Acting Role1963Channing
0%
TV Show Acting Role1962Dr. Kildare
0%
TV Show Acting Role1962The Lloyd Bridges Show
0%
Film Starring Role1962The Webster Boy
0%
TV Show Acting Role1959-1960Johnny Staccato
0%
Film Starring Role1958Saddle in the Wind
0%
TV Show Acting Role1959Decoy
0%
TV Show Acting Role1959Lux Video Theatre
0%
TV Show Acting Role1959General Electric Theater
0%
Film Starring Role1958Virgin Island
0%
TV Show Acting Role1958Pursuit
0%
TV Show Acting Role1958Alcoa Theatre
0%
TV Show Acting Role1958Westinghouse Studio One
0%
Documentary Appearance1989I'm Almost Not Crazy: John Cassavetes, the Man and His Work
0%

Score Distribution

Percentile by Number Answered

Percent of People with Each Score

Your Score History

You have not taken this quiz